Fuzzy rabbit / (Record no. 113472)
[ view plain ]
| 000 -LEADER | |
|---|---|
| fixed length control field | 00652nam a2200205 a 4500 |
| 001 - CONTROL NUMBER | |
| control field | 1852 |
| 005 - DATE AND TIME OF LATEST TRANSACTION | |
| control field | 20140414132021.0 |
| 008 - FIXED-LENGTH DATA ELEMENTS--GENERAL INFORMATION | |
| fixed length control field | 010426s19uu xx 00 eng d |
| 020 ## - INTERNATIONAL STANDARD BOOK NUMBER | |
| International Standard Book Number | 0-394-86346-1 |
| 050 ## - LIBRARY OF CONGRESS CALL NUMBER | |
| Classification number | TR |
| Item number | F95 1984 |
| 100 ## - MAIN ENTRY--PERSONAL NAME | |
| Personal name | Billam, Rosemary |
| 245 ## - TITLE STATEMENT | |
| Title | Fuzzy rabbit / |
| Statement of responsibility, etc | by Rosemary Billam ; pictures by Vanessa Julian-Ottie. |
| 260 ## - PUBLICATION, DISTRIBUTION, ETC. (IMPRINT) | |
| Place of publication, distribution, etc | New York : |
| Name of publisher, distributor, etc | Random House, |
| Date of publication, distribution, etc | 1984. |
| 300 ## - PHYSICAL DESCRIPTION | |
| Extent | 1v. p. ; cm. |
| 440 ## - SERIES STATEMENT/ADDED ENTRY--TITLE | |
| Title | A Random House pictureback |
| 520 ## - SUMMARY, ETC. | |
| Summary, etc | As Fuzzy Rabbit's mistress gets other newer toys, he begins to feel neglected and unloved. |
| 650 ## - SUBJECT ADDED ENTRY--TOPICAL TERM | |
| Topical term or geographic name as entry element | Toys - Fiction. |
| 650 ## - SUBJECT ADDED ENTRY--TOPICAL TERM | |
| Topical term or geographic name as entry element | Rabbits - Fiction. |
| Withdrawn status | Lost status | Damaged status | Use restrictions | Home library | Current library | Shelving location | Date acquired | Source of acquisition | Total Checkouts | Full call number | Barcode | Date last seen | Price effective from | Koha item type |
|---|---|---|---|---|---|---|---|---|---|---|---|---|---|---|
| Munich Library | Munich Library | Teachers Reference Section | 12/23/2004 | TR F95 1984 | M5041 | 04/14/2014 | 04/14/2014 | Books |